[Event "Vaxjo op"]
[Site "Vaxjo"]
[Date "2023.02.10"]
[Round "2"]
[White "Goransson, Martin"]
[Black "Sivuk, Vitaly"]
[Result "0-1"]
[WhiteElo "2049"]
[BlackElo "2530"]
[PlyCount "84"]
[EventDate "2023.02.10"]
[EventType "swiss"]
[EventRounds "8"]
[EventCountry "SWE"]
[SourceTitle "CBM 212 Extra"]
[Source "ChessBase"]
[SourceDate "2023.03.31"]
[SourceVersion "1"]
[SourceVersionDate "2023.03.31"]
[SourceQuality "1"]

1. e4 c5 2. Nf3 d6 3. Bb5+ Nd7 4. Ba4 Ngf6 5. 0-0 a6 6. c4 e5 7. Nc3 Be7 8. d3 0-0 9. a3 Nb6 10. Bc2 Bg4 11. Ne2 Bxf3 12. gxf3 Nh5 13. f4 exf4 14. Nxf4 Nxf4 15. Bxf4 Bf6 16. Rb1 Be5 17. Bg3 Nd7 18. f4 Bd4+ 19. Kh1 b5 20. b4 Rb8 21. cxb5 axb5 22. Qg4 Ra8 23. bxc5 Nxc5 24. Rxb5 Rxa3 25. Bh4 Bf6 26. Rg1 g6 27. Bxf6 Qxf6 28. e5 Qe6 29. Qxe6 Nxe6 30. f5 Nd4 31. Rb2 dxe5 32. Bb1 Nxf5 33. Rb7 Nd4 34. Rf1 Ra1 35. Kg2 Ne6 36. Re1 Nf4+ 37. Kg3 Nxd3 38. Re3 Nc5 39. Rb5 Rc8 40. Rxe5 Ra3+ 41. Kh4 Ne6 42. Rb4 Rcc3 0-1

[Event "Vaxjo op"]
[Site "Vaxjo"]
[Date "2019.02.10"]
[Round "7"]
[White "Goransson, Martin"]
[Black "Olofsson Dolk, Mattis"]
[Result "1-0"]
[WhiteElo "2074"]
[BlackElo "2172"]
[PlyCount "67"]
[EventDate "2019.02.08"]
[EventType "swiss"]
[EventRounds "8"]
[EventCountry "SWE"]
[SourceTitle "CBM 188 Extra"]
[Source "ChessBase"]
[SourceDate "2019.02.28"]
[SourceVersion "1"]
[SourceVersionDate "2019.02.28"]
[SourceQuality "1"]

1. c4 g6 2. g3 c5 3. Bg2 Bg7 4. Nc3 Nc6 5. Nf3 d6 6. 0-0 e6 7. e3 Nge7 8. d4 0-0 9. b3 cxd4 10. Nxd4 Nxd4 11. exd4 Nf5 12. Ne2 Rb8 13. Bb2 Bd7 14. Qd2 Qc7 15. Rfd1 Rfd8 16. a4 Be8 17. d5 e5 18. Bh3 Bd7 19. g4 Nh4 20. Qe3 f5 21. Qg3 fxg4 22. Bxg4 Bxg4 23. Qxg4 Nf5 24. Ng3 Nxg3 25. hxg3 Rf8 26. Qe6+ Kh8 27. Ba3 Rf6 28. Qg4 Rbf8 29. Rf1 Qf7 30. Ra2 Bh6 31. Re2 Be3 32. Bxd6 Rxd6 33. Rxe3 Rf6 34. Qe2 1-0

[Event "Vaxjo op"]
[Site "Vaxjo"]
[Date "2019.02.09"]
[Round "5"]
[White "Goransson, Martin"]
[Black "Lindh, Fredrik"]
[Result "0-1"]
[WhiteElo "2074"]
[BlackElo "2244"]
[PlyCount "86"]
[EventDate "2019.02.08"]
[EventType "swiss"]
[EventRounds "8"]
[EventCountry "SWE"]
[SourceTitle "CBM 188 Extra"]
[Source "ChessBase"]
[SourceDate "2019.02.28"]
[SourceVersion "1"]
[SourceVersionDate "2019.02.28"]
[SourceQuality "1"]

1. c4 Nf6 2. g3 g6 3. Bg2 d5 4. cxd5 Nxd5 5. Nc3 Nb6 6. d3 Bg7 7. Be3 Nc6 8. Qd2 Nd4 9. Rc1 Nf5 10. Bc5 0-0 11. Nf3 c6 12. 0-0 Re8 13. Rfd1 Nd7 14. Ba3 Qa5 15. e4 Bh6 16. Qc2 Bxc1 17. Qxc1 Ng7 18. b4 Qb6 19. d4 Nf6 20. h3 a5 21. b5 Be6 22. Bc5 Qc7 23. b6 Qc8 24. Qh6 Nd7 25. Ng5 Nf8 26. g4 f6 27. Nxe6 Ngxe6 28. Ba3 Qb8 29. e5 Ng5 30. f4 Nf7 31. Qh4 fxe5 32. fxe5 Ne6 33. Ne4 g5 34. Qf2 Qd8 35. Qf1 Qxb6 36. Qc4 c5 37. dxc5 Qa6 38. Qc1 Rad8 39. Rxd8 Rxd8 40. c6 Nf4 41. Qb1 Qe2 42. Qf1 Rd1 43. cxb7 Qxg2# 0-1

[Event "Vaxjo op"]
[Site "Vaxjo"]
[Date "2018.02.09"]
[Round "4"]
[White "Reid, Gregor JM"]
[Black "Goransson, Martin"]
[Result "1-0"]
[WhiteElo "2245"]
[BlackElo "2017"]
[PlyCount "51"]
[EventDate "2018.02.09"]
[EventType "swiss"]
[EventRounds "8"]
[EventCountry "SWE"]
[SourceTitle "CBM 182 Extra"]
[Source "ChessBase"]
[SourceDate "2018.02.23"]
[SourceVersion "1"]
[SourceVersionDate "2018.02.23"]
[SourceQuality "1"]

1. Nf3 c5 2. g3 Nc6 3. Bg2 g6 4. 0-0 Bg7 5. d3 e5 6. e4 Nge7 7. Nc3 0-0 8. Be3 d6 9. Qd2 a6 10. Nh4 Be6 11. f4 f5 12. fxe5 Bxe5 13. Bh6 Bg7 14. Rae1 Bd7 15. Bg5 Qb6 16. exf5 Nxf5 17. Nxf5 Bxf5 18. Nd5 Qxb2 19. Rb1 Qd4+ 20. Be3 Qg4 21. Rxb7 Rae8 22. c3 Ne5 23. Nf4 c4 24. dxc4 Kh8 25. Bd4 Nxc4 26. Bxg7+ 1-0

[Event "Deltalift op"]
[Site "Tylosand"]
[Date "2017.05.27"]
[Round "8"]
[White "Goransson, Martin"]
[Black "Lindhe, Magnus"]
[Result "1/2-1/2"]
[WhiteElo "2009"]
[BlackElo "2179"]
[PlyCount "111"]
[EventDate "2017.05.25"]
[EventType "swiss"]
[EventRounds "8"]
[EventCountry "SWE"]
[SourceTitle "CBM 178 Extra"]
[Source "ChessBase"]
[SourceDate "2017.06.22"]
[SourceVersion "1"]
[SourceVersionDate "2017.06.22"]
[SourceQuality "1"]

1. c4 Nf6 2. g3 g6 3. Bg2 Bg7 4. Nc3 0-0 5. e4 d6 6. Nge2 c5 7. 0-0 Nc6 8. d3 Bg4 9. h3 Bxe2 10. Nxe2 Ne8 11. Be3 Bxb2 12. Rb1 Bg7 13. Rxb7 Nc7 14. Qa4 Ne5 15. d4 cxd4 16. Nxd4 Ne6 17. Nxe6 fxe6 18. f4 Qc8 19. Rxa7 Rxa7 20. Qxa7 Nc6 21. Qb6 e5 22. c5 dxc5 23. Qxc5 Qa6 24. Rc1 Nd4 25. Bf1 Qb7 26. Bxd4 exd4 27. Qd5+ Qxd5 28. exd5 Ra8 29. Rc2 h5 30. Kg2 h4 31. Bc4 Kf8 32. gxh4 Bf6 33. Kg3 Kg7 34. Rd2 Rc8 35. Bd3 Rc1 36. a4 Rg1+ 37. Kh2 Ra1 38. Bb5 Kh6 39. Kg2 Ra3 40. Rd3 Ra2+ 41. Kf3 Kh5 42. Bd7 Kxh4 43. Rb3 Kh5 44. Ke4 Kh6 45. Kd3 g5 46. fxg5+ Kxg5 47. Kc4 Kf4 48. Be8 Ke5 49. Bc6 Kd6 50. Kb5 e6 51. dxe6 Kxe6 52. a5 Bd8 53. a6 Ra5+ 54. Kc4 Rxa6 55. Bb7 Rb6 56. Rxb6+ 1/2-1/2

[Event "Deltalift op"]
[Site "Tylosand"]
[Date "2017.05.25"]
[Round "4"]
[White "Goransson, Martin"]
[Black "Nyander, Joakim"]
[Result "0-1"]
[WhiteElo "2009"]
[BlackElo "2222"]
[PlyCount "64"]
[EventDate "2017.05.25"]
[EventType "swiss"]
[EventRounds "8"]
[EventCountry "SWE"]
[SourceTitle "CBM 178 Extra"]
[Source "ChessBase"]
[SourceDate "2017.06.22"]
[SourceVersion "1"]
[SourceVersionDate "2017.06.22"]
[SourceQuality "1"]

1. c4 c5 2. g3 Nf6 3. Bg2 e6 4. Nf3 a6 5. 0-0 b6 6. d4 cxd4 7. Nxd4 Ra7 8. Nc3 Bb7 9. e4 d6 10. b3 Be7 11. Bb2 0-0 12. Qe2 Re8 13. Rad1 Nbd7 14. f4 Qb8 15. Rfe1 e5 16. Nf5 Bf8 17. Nd5 b5 18. a3 bxc4 19. bxc4 Bc6 20. Rb1 Rb7 21. Qc2 Bxd5 22. exd5 exf4 23. Rxe8 Nxe8 24. Be4 g6 25. Nd4 fxg3 26. Nc6 Qc7 27. h4 Ndf6 28. Bd3 Qd7 29. Kg2 Qg4 30. Rf1 Nh5 31. Be2 Nf4+ 32. Rxf4 Qxf4 0-1

[Event "Deltalift op"]
[Site "Tylosand"]
[Date "2017.05.25"]
[Round "2"]
[White "Goransson, Martin"]
[Black "Silseth, Simon"]
[Result "0-1"]
[WhiteElo "2009"]
[BlackElo "2254"]
[PlyCount "48"]
[EventDate "2017.05.25"]
[EventType "swiss"]
[EventRounds "8"]
[EventCountry "SWE"]
[SourceTitle "CBM 178 Extra"]
[Source "ChessBase"]
[SourceDate "2017.06.22"]
[SourceVersion "1"]
[SourceVersionDate "2017.06.22"]
[SourceQuality "1"]

1. c4 f5 2. g3 Nf6 3. Nc3 g6 4. Nf3 d6 5. d3 Bg7 6. Bg2 0-0 7. 0-0 e5 8. e4 Nc6 9. Nd5 fxe4 10. Nxf6+ Qxf6 11. Bg5 Qf7 12. Ne1 exd3 13. Nxd3 Kh8 14. Rc1 Bf5 15. Be3 e4 16. Nf4 Ne5 17. c5 dxc5 18. Rxc5 b6 19. Rc2 Rad8 20. Qc1 c5 21. b4 Nd3 22. Nxd3 exd3 23. Rb2 c4 24. Bd2 Qf6 0-1

[Event "Deltalift op"]
[Site "Tylosand"]
[Date "2016.05.05"]
[Round "4"]
[White "Lindgren, Philip"]
[Black "Goransson, Martin"]
[Result "1-0"]
[WhiteElo "2406"]
[BlackElo "1977"]
[PlyCount "67"]
[EventDate "2016.05.05"]
[EventType "swiss"]
[EventRounds "8"]
[EventCountry "SWE"]
[SourceTitle "CBM 172 Extra"]
[Source "ChessBase"]
[SourceDate "2016.06.21"]
[SourceVersion "1"]
[SourceVersionDate "2016.06.21"]
[SourceQuality "1"]

1. d4 Nf6 2. c4 c5 3. d5 e5 4. Nc3 d6 5. e4 Be7 6. g3 0-0 7. Bg2 Ne8 8. Nge2 Na6 9. 0-0 Nec7 10. Be3 Bd7 11. a4 Nb4 12. Qd2 b6 13. f4 Bf6 14. f5 a6 15. g4 h6 16. Ng3 Bg5 17. Rae1 b5 18. b3 bxc4 19. bxc4 Rb8 20. Nh5 Bxe3+ 21. Rxe3 Qg5 22. Qf2 Nc2 23. Rd3 Nd4 24. h4 Qd8 25. g5 hxg5 26. Rg3 f6 27. hxg5 fxg5 28. f6 g4 29. Nxg7 Rxf6 30. Qxf6 Qxf6 31. Rxf6 Kxg7 32. Rxd6 Bc8 33. Rd8 Na8 34. Rxg4+ 1-0

[Event "Vaxjo op"]
[Site "Vaxjo"]
[Date "2015.02.15"]
[Round "7"]
[White "Goransson, Martin"]
[Black "Olofsson Dolk, Mattis"]
[Result "0-1"]
[WhiteElo "1968"]
[BlackElo "2228"]
[PlyCount "86"]
[EventDate "2015.02.13"]
[EventType "swiss"]
[EventRounds "8"]
[EventCountry "SWE"]
[SourceTitle "CBM 164 Extra"]
[Source "ChessBase"]
[SourceDate "2015.03.02"]
[SourceVersion "1"]
[SourceVersionDate "2015.03.02"]
[SourceQuality "1"]

1. e4 c5 2. c4 e5 3. g3 d6 4. Bg2 Be7 5. Ne2 Be6 6. d3 Bg5 7. f4 exf4 8. Nxf4 Bxf4 9. Bxf4 Nc6 10. Nc3 Nge7 11. 0-0 0-0 12. Bg5 h6 13. Be3 Ne5 14. h3 Qd7 15. Kh2 N7c6 16. a3 a5 17. Qd2 Rae8 18. Rf2 Na7 19. Nd5 Bxd5 20. cxd5 b6 21. a4 f5 22. exf5 Rxf5 23. Rxf5 Qxf5 24. Be4 Nf3+ 25. Bxf3 Qxf3 26. Re1 Qxd5 27. Bf4 Rxe1 28. Qxe1 Nc6 29. Qe8+ Kh7 30. Qf8 Qxd3 31. Bxd6 Qe2+ 32. Kg1 Nd4 33. Qf2 Nf3+ 34. Kg2 Ne1+ 35. Kg1 Qxf2+ 36. Kxf2 Nd3+ 37. Ke3 Nxb2 38. Bc7 Kg6 39. Ke4 Nxa4 40. Kd5 Nc3+ 41. Kc6 a4 42. Be5 Ne2 43. Kxb6 c4 0-1

[Event "Haarlem Nova College op 1st"]
[Site "Haarlem"]
[Date "2002.07.06"]
[Round "2"]
[White "Goransson, Martin"]
[Black "Gorissen, Ad"]
[Result "1-0"]
[WhiteElo "1778"]
[BlackElo "1523"]
[PlyCount "76"]
[EventDate "2002.07.05"]
[EventType "swiss"]
[EventRounds "6"]
[EventCountry "NED"]
[SourceTitle "CBM 089 Extra"]
[Source "ChessBase"]
[SourceDate "2002.09.10"]
[SourceVersion "2"]
[SourceVersionDate "2002.09.10"]
[SourceQuality "1"]

1. e4 c5 2. Nf3 Nc6 3. d4 cxd4 4. Nxd4 g6 5. Be3 Bg7 6. Bc4 Nf6 7. Nc3 Qa5 8. 0-0 0-0 9. Bb3 d6 10. h3 Qh5 11. f3 Bxh3 12. Nxc6 bxc6 13. gxh3 Qxh3 14. Qd2 Nh5 15. Qg2 Qh4 16. Qg4 Qxg4+ 17. fxg4 Ng3 18. Rf3 Bxc3 19. bxc3 Nxe4 20. Bh6 e6 21. Bxf8 Rxf8 22. Rd1 d5 23. c4 Rc8 24. Rd4 c5 25. Rd1 d4 26. Ba4 Nc3 27. Rxc3 dxc3 28. Rd7 a6 29. Rd6 Rc7 30. Rxa6 e5 31. Bc6 f5 32. gxf5 gxf5 33. a4 e4 34. Bd5+ Kg7 35. a5 h5 36. Rb6 e3 37. a6 Rc8 38. a7 f4 1-0

[Event "Haarlem Nova College op 1st"]
[Site "Haarlem"]
[Date "2002.07.06"]
[Round "3"]
[White "Hendriks, Victor"]
[Black "Goransson, Martin"]
[Result "1-0"]
[WhiteElo "2134"]
[BlackElo "1778"]
[PlyCount "105"]
[EventDate "2002.07.05"]
[EventType "swiss"]
[EventRounds "6"]
[EventCountry "NED"]
[SourceTitle "CBM 089 Extra"]
[Source "ChessBase"]
[SourceDate "2002.09.10"]
[SourceVersion "2"]
[SourceVersionDate "2002.09.10"]
[SourceQuality "1"]

1. Nc3 e5 2. Nf3 Nc6 3. d4 exd4 4. Nxd4 Nxd4 5. Qxd4 Qf6 6. Qxf6 Nxf6 7. Bg5 Bb4 8. Bxf6 gxf6 9. Kd2 d6 10. a3 Ba5 11. b4 Bb6 12. e3 Be6 13. Bd3 a6 14. Ne2 Ke7 15. Nf4 c6 16. c4 a5 17. Rhc1 axb4 18. axb4 h6 19. Kc3 Bc7 20. Ne2 d5 21. f4 dxc4 22. Bxc4 Bb6 23. Bxe6 fxe6 24. e4 e5 25. Rxa8 Rxa8 26. fxe5 fxe5 27. Ng3 Ra2 28. Nf5+ Ke6 29. Rc2 Bd4+ 30. Kb3 Rxc2 31. Kxc2 c5 32. Kb3 b5 33. bxc5 Bxc5 34. Nxh6 Ke7 35. Ng4 Ke6 36. Kc3 b4+ 37. Kc4 Bd6 38. Ne3 Kf6 39. g3 Kg6 40. Nd5 Kg5 41. h3 b3 42. Kxb3 Bc5 43. Nc3 Bf2 44. Ne2 Bxg3 45. Nxg3 Kf4 46. h4 Kxg3 47. h5 Kf4 48. h6 Kxe4 49. h7 Kf3 50. h8Q e4 51. Kc3 Ke2 52. Qe5 e3 53. Kd4 1-0